| 000 | 01008cam a22002651i 4500 | ||
|---|---|---|---|
| 003 | SA_RiAUC | ||
| 005 | 20250822115521.0 | ||
| 008 | 250801s2005 su g 000 0 ara c | ||
| 020 | _z966966222 | ||
| 040 |
_aSA-MaHRM _bara _cSA-RiAUC _erda |
||
| 082 | 0 | 4 |
_a259 _qSA-RiAUC |
| 090 |
_a259 _bا ل ش |
||
| 100 | 1 |
_aآل الشيخ، حسين بن عبد العزيز _eمؤلف. |
|
| 245 | 1 | 2 |
_aالأصول العامة والقواعد الجامعة للفتاوى الشرعية / _cحسين عبد العزيز آل الشيخ. |
| 250 | _aالطبعة الأولى. | ||
| 264 | 1 |
_aالرياض : _bدار التوحيد للنشر، _c2005 |
|
| 300 |
_a119 صفحة ؛ _c20 سم |
||
| 336 |
_aنص _btxt _2rdacontent _3كتاب |
||
| 337 |
_aبدون وسيط _bn _2rdamedia |
||
| 338 |
_aمجلد _bnc _2rdacarrier |
||
| 650 | 7 |
_aالفقه الإسلامي _2aucsh |
|
| 650 | 7 |
_aأصول الفقه الإسلامي _2aucsh |
|
| 942 |
_2ddc _cBOOK _n0 |
||
| 949 |
_aSA-JeALM _d250801 _umohamedma123 _n1 |
||
| 999 |
_c11000 _d11000 |
||